| 000 | 01135cam a2200313Ii 4500 | ||
|---|---|---|---|
| 008 | |||
| 020 | _a9781416002505 (hardback) | ||
| 040 |
_aNUST _cNUST |
||
| 049 | _aMAIN | ||
| 090 |
_aRM930 _bSCI |
||
| 245 | 0 | 0 |
_aScientific foundations and principles of practice in musculoskeletal rehabilitation / _cedited by David J. Magee, James E. Zachazewski, William S. Quillen. |
| 264 | 1 |
_aSt. Louis, Missouri : _bSaunders/ Elsevier, _c2007. |
|
| 300 |
_axvi, 701 pages : _billustrations ; _c29 cm. |
||
| 336 |
_atext _btxt _2rdacontent |
||
| 337 |
_aunmediated _bc _2rdamedia |
||
| 338 |
_avolume _bnc _2rdacarrier |
||
| 490 | 1 | _aMusculoskeletal rehabilitation series | |
| 500 | _aIncludes index. | ||
| 504 | _aIncludes bibliographical references. | ||
| 650 | 0 | _aMedical rehabilitation. | |
| 700 | 1 |
_aMagee, David J., _aeditor. |
|
| 700 | 1 |
_aZachazewski, James E., _aeditor. |
|
| 700 | 1 |
_aQuillen, William S., _aeditor. |
|
| 830 | 0 | _aMusculoskeletal rehabilitation series. | |
| 907 |
_a.b10415038 _b03-03-22 _c03-03-22 |
||
| 003 | |||
| 005 | 20230120204345.0 | ||
| 942 |
_cBOOKS _kRM930 _mSCI |
||
| 999 |
_c121794 _d121794 |
||